000 00492nam a2200181Ia 4500
005 20250326124450.0
008 250326s9999 xx 000 0 und d
037 _aTextbook
040 _aFMSL
_beng
_cFMSL
041 _aeng
_2eng
084 _aX:8 K6
_qFMSL
100 _aWeisselberg R C
_9737446
245 0 _aExexutive strategist
_cWeisselberg R C; Cowley J G
260 _aNY
_bNY, MacGraw-Hill
_c1966
300 _a249p
942 _cTB
_hX:8 K6
999 _c1273814
_d1273814